000 00788nam a22002777a 4500
001 BR9600966
003 BR-BrBNA
005 20230928094929.0
007 ta
008 230509b bl.||||| |||| 00| 0 por d
040 _aBR-BrBNA
_bpor
_cBiblioteca Nacional de Agricultura
041 _a(Por)
072 _aC20; E50
090 _ C20 BR9600966
100 1 _aBrandenburg, A.
100 1 _aHenderikx, E.M.G.H.
110 1 _aAssociacao de Credito e Assistencia Rural do Parana, Curitiba (Brasil)
245 1 _aInstrumental para o trabalho com grupos informais na extensao rural
260 3 _aCuritiba, PR (Brasil):
_c1980.
300 _a40 p.
500 _a23 ref.
650 _aExtensao Rural
650 _aLideranca
909 _a202309
_bLucia
_c55
_dLucia Elande
942 _cBK
999 _c53503
_d53503